Making Waves: (Record no. 227)

MARC details
000 -LEADER
fixed length control field 005840000a22001690004500
008 - FIXED-LENGTH DATA ELEMENTS--GENERAL INFORMATION
fixed length control field 230817t2001 ||||| |||| 00| 0 eng d
020 ## - ISBN
ISBN 0891840516
082 ## - DEWEY DECIMAL CLASSIFICATION NUMBER
Classification number 303.48
Item number DAG
942 ## - ADDED ENTRY ELEMENTS (KOHA)
Item Type Reports
100 ## - MAIN ENTRY--PERSONAL NAME
Personal Name Dagron, Alfonso Gumucio
245 ## - TITLE STATEMENT
Title Making Waves:
Sub Title Stories of Participatory Communication for Social Change
260 ## - PUBLICATION, DISTRIBUTION, ETC. (IMPRINT)
Place of Publication New York:
Name of Publisher The Rockefeller Foundation,
Date of Copyright 2001
300 ## - PHYSICAL DESCRIPTION
Extent vi. 352 p.
856 ## - ELECTRONIC LOCATION AND ACCESS
Uniform Resource Identifier <a href="https://www.ircwash.org/sites/default/files/Gumucio-2001-Making.pdf">https://www.ircwash.org/sites/default/files/Gumucio-2001-Making.pdf</a>
650 ## - SUBJECT ADDED ENTRY--TOPICAL TERM
Topical Term SOCIAL CHANGE-Cross-cultural studies
650 ## - SUBJECT ADDED ENTRY--TOPICAL TERM
Topical Term Communication-Cross-cultural studies
Holdings
Withdrawn status Lost status Source of classification or shelving scheme Damaged status Not for loan Permanent location Current location Date acquired Total Checkouts Full call number Barcode Date last seen Price effective from Koha item type
    Dewey Decimal Classification     Resource center, Muslim Women's Research And Action Forum Resource center, Muslim Women's Research And Action Forum 2023-08-17   303.4833 DAG RAF98 2023-08-17 2023-08-17 Reports

Copyright © 2023 Muslim Women's Research and Action Forum (MWRAF), No 27/3, Anderson Road, Kalubowila, Dehiwela. Funded by The Asia Fundation